Capítulo II. Inseguridad subjetiva, sociedad y política: Aportes para un debate latinoamericano /
Guardado en:
| Hovedforfatter: | |
|---|---|
| Andre forfattere: | |
| Format: | Texto |
| Sprog: | Spanish |
| Udgivet: |
Guatemala:
Magna Terra
|
| Fag: | |
| Tags: |
Tilføj Tag
Ingen Tags, Vær først til at tagge denne postø!
|
MARC
| LEADER | 00000 a a2200000 04500 | ||
|---|---|---|---|
| 001 | 33880 | ||
| 003 | cru IIS | ||
| 005 | 20230510110225.0 | ||
| 008 | 230510b |||||||| |||| 00| 0 spa d | ||
| 020 | |a 99939-69-80-X | ||
| 040 | |c CRAI/IIS | ||
| 090 | |a 000M867j | ||
| 100 | |a Kessler, Gabriel |9 11303 | ||
| 245 | |a Capítulo II. |b Inseguridad subjetiva, sociedad y política: Aportes para un debate latinoamericano / |c Gabriel Kessler | ||
| 260 | |a Guatemala: |b Magna Terra | ||
| 300 | |a 55-88 p. | ||
| 650 | |a JUVENTUD | ||
| 650 | |a POLITICA GUBERNAMENTAL | ||
| 650 | |a CIUDADANIA | ||
| 650 | |a EXCLUSION SOCIAL | ||
| 650 | |a PARTICIPACION POLITICA | ||
| 700 | |a ed. | ||
| 942 | |2 ddc |c LI | ||
| 999 | |c 11126 |d 11126 | ||
| 773 | 0 | |0 10368 |9 8896 |a Moro, Javier |d Guatemala: Magna Terra 2006 |o 01789 |t Juventudes, violencia y exclusión: desafíos para las políticas públicas / |w (cru CIDCACS/IIS)33873 |z 99939-69-80-X | |



